Rubén darío y su creación poética

সংরক্ষণ করুন:
গ্রন্থ-পঞ্জীর বিবরন
প্রধান লেখক: Marasso, Arturo
বিন্যাস: গ্রন্থ
ভাষা:Undetermined
প্রকাশিত: Buenos Aires, Argentina Kapelusz 1954
বিষয়গুলি:
ট্যাগগুলো: ট্যাগ যুক্ত করুন
কোনো ট্যাগ নেই, প্রথমজন হিসাবে ট্যাগ করুন!

MARC

LEADER 00000nam a2200000Ia 4500
008 170316s9999 xx 000 0 und d
040 |a cru BVZT 
090 |a 860 M-5r 
100 |a Marasso, Arturo 
245 |a Rubén darío y su creación poética 
260 |a Buenos Aires, Argentina 
260 |b Kapelusz 
260 |c 1954 
300 |a 426páginas 
650 |a LITERATURA LATINOAMERICANA 
999 |c 8972  |d 8972 
942 |c 15 D  |h 860 M-5r  |2 z